000 00571nam a2200217Ia 4500
003 OSt
005 20230328112940.0
008 210210b1998 xxu||||| |||| 00| 0 eng d
040 _cAL
041 _aeng
082 _a658/50 DESS
100 _aDESAI (Vasant)
_978804
245 _aSmall scale industries and entrepreneurship
260 _aMumbai
_bHimalaya Publishing House
_c1998
300 _axxxviii,510
650 _aSmall Scale Industries
_978805
650 _aEntrepreneurship
_978806
690 _aManagement
_978807
906 _a054090
942 _2ddc
_cBK
999 _c127626
_d127626